Подробности
| 000 -МАРКЕР |
| контрольное поле |
02873nam2a2200301 4500 |
| 001 - ИДЕНТИФИКАТОР ЗАПИСИ |
| контрольное поле |
RU\NLR\BIBL_A\022098197 |
| 005 - ИДЕНТИФИКАТОР ВЕРСИИ |
| контрольное поле |
20240226132606.0 |
| 010 ## - МЕЖДУНАРОДНЫЙ СТАНДАРТНЫЙ НОМЕР КНИГИ (ISBN) |
| Номер (ISBN) |
978-5-8424-0983-9 |
| Тираж |
50 |
| 021 ## - НОМЕР ГОСУДАРСТВЕННОЙ РЕГИСТРАЦИИ |
| Код страны |
Российская Федерация |
| Номер |
КН-П-23-071758 |
| Номер Листа государственной регистраци |
КН-П-23-7269 |
| 035 ## - ДРУГИЕ СИСТЕМНЫЕ НОМЕРА |
| Идентификатор записи |
(NLR Aleph) 022098197 |
| 035 ## - ДРУГИЕ СИСТЕМНЫЕ НОМЕРА |
| Идентификатор записи |
(RuMoRGB)012343677 |
| 100 ## - ДАННЫЕ ОБЩЕЙ ОБРАБОТКИ |
| Данные общей обработки |
20231215d2021 k y0rusy50 ca |
| 101 0# - ЯЗЫК РЕСУРСА |
| Язык текста, звукозаписи и т.д. |
русский |
| 102 ## - СТРАНА ПУБЛИКАЦИИ ИЛИ ПРОИЗВОДСТВА |
| Страна публикации |
Российская Федерация |
| 105 ## - ПОЛЕ КОДИРОВАННЫХ ДАННЫХ: ТЕКСТОВЫЕ МАТЕРИАЛЫ, МОНОГРАФИЧЕСКИЕ |
| Кодированные данные о монографическом текстовом документе |
a z 100yy |
| 181 #0 - ПОЛЕ КОДИРОВАННЫХ ДАННЫХ: ВИД СОДЕРЖАНИЯ |
| Код вида содержания (ISBD) |
i3 |
| Код характеристики содержания (ISBD) |
axxe |
| 182 #0 - ПОЛЕ КОДИРОВАННЫХ ДАННЫХ: ТИП СРЕДСТВА |
| Код типа средства (ISBD) |
n - непосредственное |
| 200 0# - ЗАГЛАВИЕ И СВЕДЕНИЯ ОБ ОТВЕТСТВЕННОСТИ |
| Основное заглавие |
Вып. 4 |
| Сведения, относящиеся к заглавию |
материалы Всероссийской научно-практической конференции (30 ноября 2021 г.) |
| 210 ## - ПУБЛИКАЦИЯ, РАСПРОСТРАНЕНИЕ И ДР. |
| Дата издания, распространения и т.д. |
2021 |
| 215 ## - ФИЗИЧЕСКАЯ ХАРАКТЕРИСТИКА |
| Специфическое обозначение материала и объем |
174 с. |
| Другие сведения о физической характеристике |
ил. |
| 320 ## - ПРИМЕЧАНИЯ О НАЛИЧИИ В ДОКУМЕНТЕ БИБЛИОГРАФИИ / УКАЗАТЕЛЯ |
| Текст примечания |
Библиогр. в конце ст. |
| 461 #0 - УРОВЕНЬ НАБОРА |
| Встроенное поле |
001RU\NLR\BIBL_A\022098199 |
| -- |
2001#$aПроблемы и перспективы в системе дошкольного и начального образования$e[сборник материалов конференций]$fМинистерство науки и высшего образования Российской Федерации, Орский гуманитарно-технологический институт (филиал) Федерального государственного бюджетного образовательного учреждения высшего образования "Оренбургский государственный университет"$gредакционная коллегия: Диль-Илларионова Т. В., кандидат педагогических наук, доцент (ответственный редактор) [и др.]$vВып. 4 |
| Системный номер (АБИС) связанной записи |
12737854 |
| Место публикации |
Орск |
| Дата публикации |
2021 |
| Первые сведения об ответственности |
Министерство науки и высшего образования Российской Федерации, Орский гуманитарно-технологический институт (филиал) Федерального государственного бюджетного образовательного учреждения высшего образования "Оренбургский государственный университет" |
| Имя издателя, распространителя и т.д. |
Изд-во Орского гуманитарно-технологического института |
| Сведения, относящиеся к заглавию |
[сборник материалов конференций] |
| Заглавие |
Проблемы и перспективы в системе дошкольного и начального образования |
| Номер тома |
Вып. 4 |
| 711 12 - НАИМЕНОВАНИЕ ОРГАНИЗАЦИИ - АЛЬТЕРНАТИВНАЯ ОТВЕТСТВЕННОСТЬ |
| Начальный элемент ввода |
"Проблемы и перспективы в системе дошкольного и начального образования", всероссийская научно-практическая конференция |
| Место проведения временной организации |
Орск |
| Дата проведения временной организации |
2021 |
| Системный номер авторитетной/нормативной записи |
873929 |
| Идентификатор авторитетной/нормативной записи |
RU\NLR\AUTH\880602078 |
| 942 ## - ДОПОЛНИТЕЛЬНЫЕ ЭЛЕМЕНТЫ ЗАПИСИ (АБИС) |
| Тип экземпляра АБИС |
Книга |
| 980 ## - КОЛЛЕКЦИЯ |
| Название коллекции |
Национальная библиография |